[Event "Banker's"]
[Site "Banker's"]
[Date "1990.??.??"]
[Round "?"]
[White "Gulko, Boris F"]
[Black "Salov, Valery B"]
[Result "0-1"]
[WhiteElo "2610"]
[BlackElo "2645"]
[PlyCount "132"]
[EventDate "1990.??.??"]
[Source "www.chesslib.no"]
[SourceDate "2004.05.04"]

1. e4 e5 2. Nf3 Nc6 3. Bb5 g6 4. c3 a6 5. Ba4 d6 6. d4 Bd7 7. O-O Bg7 8. dxe5 dxe5 9. Be3 Nf6 10. Nbd2 O-O 11. b4 Re8 12. Bb3 h6 13. h3 Be6 14. Qc2 Nh5 15. Rfd1 Nf4 16. Bxe6 Rxe6 17. Nc4 Qf6 18. Bxf4 exf4 19. e5 Qe7 20. Qe4 g5 21. a4 Re8 22. b5 axb5 23. axb5 Nxe5 24. Ncxe5 Bxe5 25. Nxe5 b6 26. Kh2 Rxe5 27. Qc6 Re6 28. Qd5 Rd6 29. Qf5 Rxd1 30. Rxd1 Qe5 31. Qd7 Kg7 32. Rd5 Re7 33. Qd8 Qf6 34. c4 Re5 35. Qxc7 Re2 36. Rd6 Qe5 37. Rd7 Qxc7 38. Rxc7 Rxf2 39. c5 bxc5 40. Rxc5 Rb2 41. Kg1 f6 42. Kf1 Kg6 43. Kg1 Kh5 44. Rf5 Kg6 45. Rc5 h5 46. Kf1 g4 47. hxg4 hxg4 48. Kg1 f5 49. Kf1 Kg5 50. Rd5 Kg6 51. Rc5 Kf6 52. Rd5 Kg5 53. Rc5 g3 54. Rc8 f3 55. gxf3 Kf4 56. Rc3 Rxb5 57. Kg2 Rb2+ 58. Kg1 Ra2 59. Rb3 Rf2 60. Ra3 Rxf3 61. Ra4+ Kg5 62. Kg2 Rc3 63. Kh3 f4 64. Ra5+ Kf6 65. Kg4 g2 66. Ra1 Rg3+ 0-1

[Event "32. Chess Olympiad,"]
[Site "32nd Chess Olympiad,"]
[Date "1996.??.??"]
[Round "8"]
[White "Ye Jiangchuan"]
[Black "Azmaiparashvili, Zurab A"]
[Result "1/2-1/2"]
[WhiteElo "2560"]
[BlackElo "2660"]
[PlyCount "45"]
[EventDate "1996.??.??"]
[Source "www.chesslib.no"]
[SourceDate "2004.05.04"]

1. e4 e5 2. Nf3 Nc6 3. Bb5 a6 4. Ba4 d6 5. c3 Bd7 6. d4 g6 7. O-O Bg7 8. d5 Nce7 9. Bxd7+ Qxd7 10. c4 h6 11. Nc3 f5 12. exf5 gxf5 13. Nh4 Nxd5 14. Qd4 O-O-O 15. Be3 Nge7 16. c5 Rde8 17. f4 Qa4 18. Kf2 a5 19. Rac1 e4 20. Nxe4 Ng8 21. Qd1 Be5 22. Qf3 Qb5 23. b3 1/2-1/2

[Event "DE BL"]
[Site "?"]
[Date "1983.??.??"]
[Round "?"]
[White "Huebner, Robert"]
[Black "Sosonko, Gennadi P"]
[Result "1/2-1/2"]
[WhiteElo "2625"]
[BlackElo "2585"]
[PlyCount "55"]
[EventDate "1983.??.??"]
[Source "www.chesslib.no"]
[SourceDate "2004.05.04"]

1. e4 e5 2. Nf3 Nc6 3. Bb5 g6 4. c3 a6 5. Ba4 d6 6. d4 Bd7 7. O-O Bg7 8. d5 Nce7 9. Bxd7+ Qxd7 10. c4 h6 11. Nc3 f5 12. exf5 gxf5 13. Ne1 Nf6 14. f4 e4 15. Nc2 c5 16. dxc6 Qxc6 17. Be3 O-O 18. b3 b5 19. Nb4 Qc7 20. Rc1 bxc4 21. bxc4 Ng4 22. Bd4 Bxd4+ 23. Qxd4 Qc5 24. Qxc5 dxc5 25. Nbd5 Nxd5 26. Nxd5 Kf7 27. Rc3 Rfb8 28. a3 1/2-1/2

[Event "Budapest HUN"]
[Site "Budapest HUN"]
[Date "1993.??.??"]
[Round "?"]
[White "Polgar, Judit"]
[Black "Spassky, Boris Vasily"]
[Result "1-0"]
[WhiteElo "2595"]
[BlackElo "2565"]
[PlyCount "62"]
[EventDate "1993.??.??"]
[Source "www.chesslib.no"]
[SourceDate "2004.05.04"]

1. e4 e5 2. Nf3 Nc6 3. Bb5 g6 4. c3 a6 5. Ba4 d6 6. d4 Bd7 7. O-O Bg7 8. Re1 Nge7 9. d5 Na5 10. Bxd7+ Qxd7 11. Nbd2 b5 12. b4 Nb7 13. a4 O-O 14. c4 c5 15. dxc6 Nxc6 16. Qb3 bxa4 17. Qxa4 a5 18. Nb3 Qc8 19. Bd2 axb4 20. Qb5 Rb8 21. Qd5 Qc7 22. Be3 h6 23. Rec1 Rfd8 24. Ra6 Ne7 25. Qd2 Nc5 26. Bxc5 dxc5 27. Qe3 Ra8 28. Qxc5 Qxc5 29. Nxc5 Rac8 30. Nb3 Rxc4 31. Re1 Rc3 1-0

[Event "EUCup Moscow-ZSKA"]
[Site "Moscow"]
[Date "1990.??.??"]
[Round "?"]
[White "Vladimirov, Evgeny"]
[Black "Smyslov, Vassily"]
[Result "1-0"]
[WhiteElo "2575"]
[BlackElo "2570"]
[PlyCount "111"]
[EventDate "1990.??.??"]
[Source "ChessBase"]

1. e4 e5 2. Nf3 Nc6 3. Bb5 g6 4. c3 a6 5. Ba4 d6 6. d4 Bd7 7. O-O Bg7 8. Be3 Nf6 9. Nbd2 Ng4 10. Bg5 f6 11. Bh4 Ne7 12. h3 Nh6 13. Bb3 b5 14. Qe2 c5 15. dxc5 dxc5 16. Rfd1 c4 17. Nxc4 bxc4 18. Ba4 Bxa4 19. Rxd8+ Rxd8 20. Qxc4 Bb5 21. Qe6 g5 22. Nxg5 Bd7 23. Qxa6 fxg5 24. Bxg5 Nf7 25. Bh4 h5 26. a4 Rh6 27. Qa7 Rd6 28. a5 Rc8 29. Bxe7 Kxe7 30. a6 h4 31. b4 Bh6 32. b5 Rxc3 33. Qb8 Rc1+ 34. Rxc1 Bxc1 35. Qxd6+ Nxd6 36. a7 Bxb5 37. a8=Q Bg5 38. Qa5 Ke6 39. Qa2+ Bc4 40. Qc2 Bf6 41. Qb1 Bg5 42. Qb8 Bf6 43. g3 hxg3 44. fxg3 Bd3 45. Qg8+ Ke7 46. g4 Kd7 47. g5 Be7 48. g6 Bxe4 49. g7 Nf5 50. Qc4 Nxg7 51. Qxe4 Ke6 52. Qg6+ Bf6 53. h4 Ke7 54. h5 Ne6 55. h6 Nf8 56. Qg8 1-0

[Event "Reykjavik"]
[Site "Reykjavik"]
[Date "1985.??.??"]
[Round "5"]
[White "Hort, Vlastimil"]
[Black "Spassky, Boris V"]
[Result "1/2-1/2"]
[WhiteElo "2560"]
[BlackElo "2580"]
[PlyCount "28"]
[EventDate "1985.02.??"]
[Source "ChessBase"]

1. e4 e5 2. Nf3 Nc6 3. Bb5 a6 4. Ba4 d6 5. c3 Bd7 6. O-O g6 7. d4 Bg7 8. dxe5 dxe5 9. Be3 Nf6 10. Nbd2 Qe7 11. b4 b6 12. Bb3 O-O 13. Re1 Rfd8 14. Qc2 Be6 1/2-1/2

[Event "BL2-W 9495"]
[Site "GER"]
[Date "1995.??.??"]
[Round "?"]
[White "Emms, John M"]
[Black "Dautov, Rustem"]
[Result "1-0"]
[WhiteElo "2500"]
[BlackElo "2625"]
[PlyCount "109"]
[EventDate "1994.10.??"]
[Source "www.chesslib.no"]
[SourceDate "2004.05.04"]

1. e4 e5 2. Nf3 Nc6 3. Bb5 g6 4. c3 a6 5. Ba4 d6 6. d4 Bd7 7. O-O Bg7 8. Re1 Nge7 9. Be3 O-O 10. Nbd2 h6 11. dxe5 dxe5 12. Bb3 Qc8 13. a4 b6 14. Ba2 a5 15. Nc4 Be6 16. Qb1 Kh7 17. Na3 f5 18. Nb5 Bxa2 19. Qxa2 f4 20. Bd2 g5 21. h3 Bf6 22. Nh2 h5 23. f3 Na7 24. Nxa7 Rxa7 25. Red1 Ng8 26. Be1 Nh6 27. Qc4 g4 28. hxg4 hxg4 29. fxg4 Nxg4 30. Qc6 Rf7 31. Rd3 Nxh2 32. Kxh2 Ra8 33. Rad1 Qe8 34. Rd7 Rd8 35. Rxf7+ Qxf7 36. Rxd8 Bxd8 37. Kg1 Be7 38. Bf2 Bf8 39. c4 Qg7 40. Qe6 Bb4 41. Qf5+ Kg8 42. Qe6+ Kh7 43. Kf1 Bc5 44. Bh4 Bd6 45. Kf2 Qg6 46. Qd7+ Kg8 47. Kf3 Qf7 48. Qg4+ Kf8 49. Qf5 Kg8 50. b3 Qe8 51. Bf6 c6 52. Qg5+ Kf7 53. Qh5+ Kf8 54. Qxe8+ Kxe8 55. Kg4 1-0

[Event "Oslo"]
[Site "Oslo"]
[Date "1984.??.??"]
[Round "?"]
[White "Arnason, Jon L"]
[Black "Huebner, Robert"]
[Result "1/2-1/2"]
[WhiteElo "2500"]
[BlackElo "2620"]
[PlyCount "58"]
[EventDate "1984.04.??"]
[Source "ChessBase"]

1. e4 e5 2. Nf3 Nc6 3. Bb5 g6 4. c3 a6 5. Ba4 d6 6. d4 Bd7 7. O-O Bg7 8. dxe5 dxe5 9. Qe2 Nge7 10. Be3 b6 11. b4 O-O 12. Bb3 Qc8 13. Nbd2 a5 14. b5 Nd8 15. a4 Be6 16. Nc4 f6 17. Qa2 Kh8 18. Bc1 Ng8 19. Ba3 Re8 20. Nfd2 Bf8 21. Bxf8 Rxf8 22. Ne3 Bxb3 23. Nxb3 Ne6 24. c4 c5 25. Rad1 Nd4 26. Nd5 Rb8 27. f4 Qe6 28. Rf2 Ne7 29. Rdf1 Kg7 1/2-1/2

[Event "Camp. bielorusso 2008"]
[Site "Minsk BLR"]
[Date "2008.01.19"]
[Round "10"]
[White "Fedorov, Alexei"]
[Black "Teterev, Vitaly"]
[Result "1-0"]
[WhiteElo "2607"]
[BlackElo "2507"]
[PlyCount "93"]
[EventDate "2008.01.10"]
[Source "www.chesslib.no"]
[SourceDate "2004.05.04"]

1. e4 e5 2. Nf3 Nc6 3. Bb5 a6 4. Ba4 d6 5. O-O Bd7 6. c3 g6 7. d4 Bg7 8. d5 Nce7 9. Bxd7+ Qxd7 10. c4 h6 11. Ne1 f5 12. f3 Nf6 13. Nc3 O-O 14. Nd3 c6 15. Nf2 Rf7 16. Bd2 Raf8 17. Qa4 g5 18. Rad1 g4 19. fxg4 fxg4 20. Be3 Nh5 21. c5 g3 22. hxg3 Nxg3 23. Rfe1 Qd8 24. cxd6 Qxd6 25. Qc4 cxd5 26. exd5 b5 27. Bc5 Qc7 28. Qb4 Rc8 29. Bxe7 Qxe7 30. Qxe7 Rxe7 31. Nfe4 Nxe4 32. Nxe4 Rc4 33. d6 Rd7 34. Rc1 Kf7 35. Rxc4 bxc4 36. Rf1+ Kg6 37. Rc1 Kf5 38. Rxc4 Rd8 39. Kf2 Bf8 40. Kf3 Ke6 41. Rc6 a5 42. Ra6 Rb8 43. b3 Rb5 44. g4 Rd5 45. d7+ Ke7 46. Nf6 Rd4 47. Ra8 1-0

[Event "Soviet Union"]
[Site "Soviet Union"]
[Date "1979.??.??"]
[Round "?"]
[White "Beliavsky, Alexander G"]
[Black "Lutikov, Anatoly S"]
[Result "1-0"]
[WhiteElo "2595"]
[BlackElo "2515"]
[PlyCount "64"]
[EventDate "1979.??.??"]
[Source "www.chesslib.no"]
[SourceDate "2004.05.04"]

1. e4 e5 2. Nf3 Nc6 3. Bb5 g6 4. c3 a6 5. Ba4 d6 6. d4 Bd7 7. Be3 Bg7 8. O-O Nge7 9. d5 Nb8 10. c4 O-O 11. Nc3 Bg4 12. h3 Bc8 13. c5 h6 14. Nd2 f5 15. f3 f4 16. Bf2 Rf6 17. b4 g5 18. Nc4 Nd7 19. Rc1 h5 20. c6 bxc6 21. dxc6 Nf8 22. Nxe5 Bxh3 23. gxh3 dxe5 24. Qxd8 Rxd8 25. Rfd1 Ne6 26. Rd7 Bf8 27. Bb3 Nxc6 28. Nd5 Rh6 29. Rxc6 Rxd7 30. Rxe6 Rxe6 31. Nf6+ Kg7 32. Nxd7 Re8 1-0

[Event "RUS-Cup8"]
[Site "Smolensk"]
[Date "1997.??.??"]
[Round "5"]
[White "Yurtaev, Leonid"]
[Black "Malaniuk, Vladimir P"]
[Result "0-1"]
[WhiteElo "2495"]
[BlackElo "2610"]
[PlyCount "66"]
[EventDate "1997.06.13"]
[Source "ChessBase"]
[SourceDate "1997.07.29"]

1. e4 e5 2. Nf3 Nc6 3. Bb5 g6 4. c3 a6 5. Ba4 d6 6. d4 Bd7 7. h4 Nf6 8. Bg5 h6 9. Bxf6 Qxf6 10. d5 Nb8 11. Bxd7+ Nxd7 12. h5 Be7 13. Nbd2 Qf4 14. Qe2 O-O-O 15. O-O-O f5 16. Kc2 Qg4 17. Rh3 gxh5 18. Rg3 Qf4 19. Rh1 Nc5 20. Rg7 fxe4 21. Rxe7 Qf6 22. Nxe4 Qxe7 23. Nxc5 dxc5 24. Nxe5 Rxd5 25. Rxh5 Qh7+ 26. Kb3 Rhd8 27. Ka3 Kb8 28. f4 c4 29. Qxc4 Ra5+ 30. Kb3 Rb5+ 31. Ka3 Qc2 32. b3 Qc1+ 33. Ka4 Ra5+ 0-1

[Event "ADCF Masters, Abu Dhabi UAE"]
[Site "?"]
[Date "2001.??.??"]
[Round "8"]
[White "Ulibin, M."]
[Black "Safin, S."]
[Result "1/2-1/2"]
[WhiteElo "2580"]
[BlackElo "2525"]
[PlyCount "88"]
[EventDate "2001.??.??"]
[Source "www.chesslib.no"]
[SourceDate "2004.05.04"]

1. e4 e5 2. Nf3 Nc6 3. Bb5 a6 4. Ba4 d6 5. c3 Bd7 6. d4 g6 7. O-O Bg7 8. dxe5 dxe5 9. Bg5 Nge7 10. Nbd2 O-O 11. Nb3 Qe8 12. Nc5 Bc8 13. b4 f6 14. Be3 Kh8 15. Bb3 Nd8 16. Nd2 f5 17. f4 b6 18. Nd3 fxe4 19. Nxe5 Nf5 20. Qe2 Bb7 21. Bc2 Nf7 22. Bxe4 Bxe4 23. Nxe4 Nxe5 24. fxe5 Qxe5 25. Bd2 Rfe8 26. Rae1 Nd6 27. Rf4 Bh6 28. Rh4 Bxd2 29. Qxd2 Re7 30. Re2 Rf8 31. Ng3 Qf6 32. Qd4 Qxd4+ 33. Rxd4 Ref7 34. h3 Kg7 35. a4 h5 36. Re6 Rf2 37. Re7+ R8f7 38. Rxf7+ Rxf7 39. Ne4 Nxe4 40. Rxe4 Rf6 41. Rc4 c6 42. Rd4 c5 43. Rd7+ Rf7 44. Rd6 cxb4 1/2-1/2

[Event "RUS-Cup9"]
[Site "Novgorod"]
[Date "1997.06.15"]
[Round "4"]
[White "Dvoirys, Semen I"]
[Black "Balashov, Yuri S"]
[Result "1/2-1/2"]
[WhiteElo "2590"]
[BlackElo "2510"]
[PlyCount "197"]
[EventDate "1997.06.11"]
[Source "ChessBase"]
[SourceDate "1997.10.13"]

1. e4 e5 2. Nf3 Nc6 3. Bb5 a6 4. Ba4 d6 5. c3 Bd7 6. O-O g6 7. d4 Bg7 8. Re1 Nf6 9. Nbd2 O-O 10. Bc2 Re8 11. h3 Qe7 12. Nf1 Qf8 13. Ng3 Rad8 14. Be3 Bc8 15. Qe2 Bh6 16. Qd2 Bxe3 17. fxe3 Qh6 18. Qf2 Kg7 19. Nf1 Ng8 20. N1h2 Kh8 21. Qg3 Qg7 22. Rf1 Rf8 23. Rf2 f6 24. Raf1 Nce7 25. Bb3 g5 26. dxe5 dxe5 27. Nxe5 Nh6 28. Neg4 Nxg4 29. hxg4 Ng6 30. Nf3 Qe7 31. e5 Kg7 32. exf6+ Rxf6 33. Nd4 Rxf2 34. Rxf2 Rf8 35. Nf5+ Bxf5 36. gxf5 Ne5 37. f6+ Rxf6 38. Qxg5+ Ng6 39. Bc2 Re6 40. Qxe7+ Rxe7 41. Rf3 Rd7 42. Bf5 Rd1+ 43. Rf1 Rxf1+ 44. Kxf1 Ne7 45. Be4 b6 46. Kf2 h6 47. Kf3 Kf6 48. Kf4 a5 49. Bf3 Ng6+ 50. Ke4 Ne7 51. Bg4 Nc6 52. Bc8 Ne7 53. Bd7 Ng6 54. b4 Ne5 55. Bb5 axb4 56. cxb4 c6 57. Be2 b5 58. g3 Ke6 59. Bf1 Ng6 60. Bh3+ Kd6 61. Bf5 Ne7 62. a3 Nd5 63. Kd4 Nb6 64. e4 Nc4 65. a4 Ne5 66. a5 Nf3+ 67. Kc3 Ne5 68. Bc8 Kc7 69. Bh3 Kd6 70. Bf1 Nf3 71. Be2 Ng5 72. Kd4 Ne6+ 73. Ke3 Nc7 74. Kd3 c5 75. Kc3 Kc6 76. Bf3 cxb4+ 77. Kxb4 Na6+ 78. Kc3 Kc5 79. e5 Nc7 80. Bb7 Ne6 81. Bc8 Nc7 82. e6 Nd5+ 83. Kb3 Ne7 84. Bb7 Nf5 85. g4 Nd4+ 86. Kc3 Nxe6 87. Kd3 Nc7 88. Ke4 b4 89. Ke5 b3 90. Be4 b2 91. Kf6 Nd5+ 92. Kg6 Ne3 93. Kxh6 Nxg4+ 94. Kg5 Nf2 95. Bc2 Kb5 96. Kf4 Nd1 97. Ke4 Kxa5 98. Kd3 Kb4 99. Kd2 1/2-1/2

[Event "Saint Petersburg RUS"]
[Site "?"]
[Date "2006.06.11"]
[Round "9"]
[White "Alekseev Evgeny"]
[Black "Orlov Vassily"]
[Result "1-0"]
[WhiteElo "2640"]
[BlackElo "2450"]
[PlyCount "59"]
[EventDate "2006.??.??"]
[Source "www.chesslib.no"]
[SourceDate "2004.05.04"]

1. e4 e5 2. Nf3 Nc6 3. Bb5 a6 4. Ba4 d6 5. O-O Bd7 6. c3 g6 7. d4 Bg7 8. Re1 Nge7 9. Be3 O-O 10. Nbd2 b6 11. Nf1 Kh8 12. h3 Qe8 13. dxe5 dxe5 14. Qe2 f5 15. exf5 gxf5 16. N3h2 e4 17. Rad1 b5 18. Bb3 Ne5 19. Bc5 Bc6 20. Ng3 Bf6 21. Nh5 Nf3+ 22. Nxf3 Qxh5 23. Nd4 Be8 24. f3 Bg6 25. fxe4 fxe4 26. Qxh5 Bxh5 27. g4 Bf7 28. Rxe4 Bxb3 29. Nxb3 Rae8 30. Rde1 1-0

[Event "Niksic"]
[Site "Niksic"]
[Date "1991.??.??"]
[Round "4"]
[White "Akopian, Vladimir"]
[Black "Ivanovic, Bozidar"]
[Result "1/2-1/2"]
[WhiteElo "2555"]
[BlackElo "2535"]
[PlyCount "87"]
[EventDate "1991.04.??"]
[Source "ChessBase"]

1. e4 e5 2. Nf3 Nc6 3. Bb5 a6 4. Ba4 g6 5. c3 d6 6. d4 Bd7 7. O-O Bg7 8. dxe5 dxe5 9. Re1 Nge7 10. Be3 O-O 11. Nbd2 Qc8 12. Qe2 Nb8 13. Bxd7 Nxd7 14. a4 Nc6 15. b4 Re8 16. Nb3 Nd8 17. Qc2 Ne6 18. Red1 Ndf8 19. c4 Rd8 20. c5 c6 21. Rd6 Qc7 22. Rad1 Bf6 23. Qb2 Be7 24. R6d2 Rxd2 25. Rxd2 Nd7 26. Na5 Rd8 27. Qc3 Kg7 28. h3 h5 29. g3 f6 30. Kg2 Ndf8 31. h4 Rxd2 32. Qxd2 Nd7 33. Nc4 Nd8 34. Nh2 Nf7 35. f4 exf4 36. gxf4 Qc8 37. Qd3 Qe8 38. Nf1 Bd8 39. Ng3 Bc7 40. a5 Qe7 41. Bd2 Nf8 42. Ne2 Nd7 43. Bc3 Kh7 44. Kf1 1/2-1/2

[Event "LXI Lega superiore camp. russo"]
[Site "Novokuznetsk RUS"]
[Date "2008.09.10"]
[Round "7"]
[White "Smikovski, I."]
[Black "Chadaev, N."]
[Result "1/2-1/2"]
[WhiteElo "2554"]
[BlackElo "2535"]
[PlyCount "158"]
[EventDate "2008.09.03"]
[Source "www.chesslib.no"]
[SourceDate "2004.05.04"]

1. e4 e5 2. Nf3 Nc6 3. Bb5 a6 4. Ba4 d6 5. O-O Bd7 6. c3 g6 7. d4 Bg7 8. d5 Nb8 9. Bc2 a5 10. c4 Na6 11. Nc3 Nf6 12. a3 O-O 13. Rb1 Nh5 14. Be3 Bg4 15. h3 Bd7 16. b4 axb4 17. axb4 h6 18. c5 Nb8 19. b5 dxc5 20. Bxc5 Re8 21. d6 c6 22. Na4 Be6 23. Nb6 Ra5 24. Bb3 Bxb3 25. Rxb3 Nf6 26. Qb1 Nbd7 27. Nxd7 Nxd7 28. Be3 cxb5 29. Rxb5 Ra6 30. Qc1 Rxd6 31. Bxh6 b6 32. Be3 Qa8 33. Qb1 Rc8 34. Qb3 Bf6 35. Nd2 Qc6 36. Kh2 Kg7 37. Rb1 Be7 38. Qb2 Kg8 39. Nc4 Rf6 40. Rc1 Qa8 41. Rd5 Qa4 42. Nxe5 Rxc1 43. Nxd7 Rcc6 44. Nxf6+ Bxf6 45. Bd4 Bxd4 46. Rxd4 Qa8 47. Rd7 Re6 48. Qd4 Qb8+ 49. g3 Qe5 50. Rd8+ Kg7 51. Kg2 b5 52. f4 Qxd4 53. Rxd4 Rc6 54. e5 Rb6 55. Rb4 f6 56. exf6+ Kxf6 57. h4 Ke6 58. Kf3 Kd5 59. Kg4 Kc5 60. Rb1 b4 61. Kg5 b3 62. g4 Kd5 63. f5 gxf5 64. gxf5 Kd6 65. f6 b2 66. Kg6 Ke5 67. Kg7 Rxf6 68. Rxb2 Ra6 69. Rf2 Ra7+ 70. Kg6 Ra1 71. h5 Rg1+ 72. Kf7 Rh1 73. Ra2 Rf1+ 74. Ke7 Kf5 75. Rh2 Ra1 76. h6 Ra7+ 77. Kd6 Kg6 78. h7 Rxh7 79. Rxh7 Kxh7 1/2-1/2

[Event "HZ op"]
[Site "Vlissingen"]
[Date "2004.08.12"]
[Round "7"]
[White "Stellwagen, Daniel"]
[Black "Gagunashvili, Merab"]
[Result "1-0"]
[WhiteElo "2509"]
[BlackElo "2580"]
[PlyCount "97"]
[EventDate "2004.08.07"]
[Source "Roberto Alvarez"]
[SourceDate "2004.08.24"]

1. e4 e5 2. Nf3 Nc6 3. Bb5 g6 4. O-O Bg7 5. c3 a6 6. Ba4 d6 7. d4 Bd7 8. d5 Nce7 9. c4 h6 10. Nc3 f5 11. Bxd7+ Qxd7 12. Ne1 fxe4 13. Nxe4 Nf6 14. Nxf6+ Bxf6 15. Nf3 Bg7 16. Nd2 O-O 17. Ne4 Nf5 18. Be3 Nd4 19. Rc1 Kh7 20. f3 Rf7 21. Bxd4 exd4 22. Qb3 b6 23. Rce1 Re8 24. Re2 Rfe7 25. Rfe1 Kh8 26. Qd3 Qf5 27. b4 Re5 28. a4 Qf7 29. b5 a5 30. g3 Qf5 31. Kg2 R5e7 32. h4 Kg8 33. Nf2 Re3 34. Rxe3 dxe3 35. Rxe3 Rxe3 36. Qxe3 Qc2 37. Qe8+ Kh7 38. Qe4 Qd2 39. Qd3 Qb2 40. h5 Bd4 41. Qxg6+ Kh8 42. Qe8+ Kg7 43. Qe7+ Kh8 44. Qd8+ Kh7 45. Qxc7+ Kg8 46. Qd8+ Kg7 47. Qe7+ Kh8 48. Qe8+ Kg7 49. Qg6+ 1-0

[Event "URS-FL"]
[Site "Sverdlovsk"]
[Date "1987.??.??"]
[Round "?"]
[White "Tseshkovsky, Vitaly V"]
[Black "Malaniuk, Vladimir P"]
[Result "1/2-1/2"]
[WhiteElo "2505"]
[BlackElo "2575"]
[PlyCount "36"]
[EventDate "1987.11.??"]
[Source "www.chesslib.no"]
[SourceDate "2004.05.04"]

1. e4 e5 2. Nf3 Nc6 3. Bb5 g6 4. c3 a6 5. Ba4 d6 6. d4 Bd7 7. O-O Bg7 8. dxe5 Nxe5 9. Nxe5 dxe5 10. Bxd7+ Qxd7 11. Qxd7+ Kxd7 12. Na3 Ne7 13. Rd1+ Ke6 14. Nc2 Rhd8 15. Be3 Nc6 16. Kf1 Rxd1+ 17. Rxd1 Rd8 18. Rxd8 Nxd8 1/2-1/2

[Event "Linares Anibal op 3rd"]
[Site "Linares"]
[Date "1996.??.??"]
[Round "?"]
[White "Dimitrov, Vladimir"]
[Black "Malaniuk, Vladimir P"]
[Result "1-0"]
[WhiteElo "2495"]
[BlackElo "2585"]
[PlyCount "89"]
[EventDate "1996.01.??"]
[Source "ChessBase"]

1. e4 e5 2. Nf3 Nc6 3. Bb5 a6 4. Ba4 d6 5. c3 Bd7 6. d4 g6 7. O-O Bg7 8. d5 Nb8 9. Bxd7+ Nxd7 10. c4 Ngf6 11. Nc3 O-O 12. Bd2 c5 13. Qe2 Qe7 14. Ne1 Rac8 15. Nd3 Kh8 16. a4 Ng8 17. a5 f5 18. Rab1 Bh6 19. f4 Rce8 20. fxe5 Bxd2 21. Qxd2 Nxe5 22. Nxe5 Qxe5 23. exf5 Nf6 24. Rbe1 Qd4+ 25. Qxd4 cxd4 26. Na4 Ne4 27. Rd1 Nc5 28. Nxc5 dxc5 29. fxg6 hxg6 30. Rxf8+ Rxf8 31. b4 cxb4 32. Rxd4 Rc8 33. d6 b3 34. Rd3 b2 35. Rb3 Rxc4 36. Rxb2 Rd4 37. Rxb7 Rxd6 38. Rb6 Rd1+ 39. Kf2 Kg7 40. Rxa6 Ra1 41. h4 Ra4 42. g3 Kh6 43. Kg2 Kh5 44. Kh3 Ra3 45. Rb6 1-0